[Event "Gelsenkirchen Silvester op 6th"]
[Site "Gelsenkirchen"]
[Date "2018.12.28"]
[Round "3"]
[White "Turp, Hueseyin"]
[Black "Aufermann, Kevin"]
[Result "1-0"]
[WhiteElo "1652"]
[BlackElo "1234"]
[PlyCount "46"]
[EventDate "2018.12.27"]
[EventType "swiss"]
[EventRounds "7"]
[EventCountry "GER"]
[SourceTitle "CBM 188 Extra"]
[Source "ChessBase"]
[SourceDate "2019.02.26"]
[SourceVersion "1"]
[SourceVersionDate "2019.02.26"]
[SourceQuality "1"]

1. d4 Nf6 2. f3 d5 3. c4 e6 4. Nc3 Bb4 5. Bg5 dxc4 6. e4 Be7 7. Bxc4 0-0 8. Nge2 h6 9. Be3 b6 10. 0-0 Bb7 11. Qd3 Nbd7 12. a3 c5 13. Rad1 cxd4 14. Bxd4 Nc5 15. Qe3 Rc8 16. Bxf6 Nd7 17. Bxe7 Qxe7 18. Ba2 Rfd8 19. Bb1 Ne5 20. Rxd8+ Rxd8 21. Rd1 Bc6 22. Rxd8+ Qxd8 23. Nd4 Bb7 1-0